000 00353nam a22001457a 4500
020 _a9789380027999
082 _a621.381 SHA
100 _aSharma Sanjay
245 _aElectronic Devices
260 _aNew Delhi
_bS.K.Kataria & Sons
_c2009
300 _a428
_bP.B
650 _aElectrical engineering
700 _aSanjay Sharma
942 _cBK
999 _c490591
_d490591